[Event "AUT-chT2W 0809"]
[Site "Austria"]
[Date "2009.01.17"]
[Round "7.6"]
[White "Stoeckl, Norbert"]
[Black "Wallis, Anton"]
[Result "0-1"]
[WhiteElo "2084"]
[BlackElo "2153"]
[PlyCount "68"]
[EventDate "2008.10.17"]
[EventType "team-tourn"]
[EventRounds "11"]
[EventCountry "AUT"]
[SourceTitle "EXT 2010"]
[Source "ChessBase"]
[SourceDate "2010.11.25"]
[SourceVersion "1"]
[SourceVersionDate "2010.11.25"]
[SourceQuality "1"]
[WhiteTeam "Schwarzach"]
[BlackTeam "Goetzis"]
[WhiteTeamCountry "AUT"]
[BlackTeamCountry "AUT"]

1. e4 c5 2. Nf3 d6 3. d4 cxd4 4. Nxd4 Nf6 5. Nc3 a6 6. Be2 e6 7. 0-0 Be7 8. a4 b6 9. f4 Bb7 10. Bf3 Qc7 11. Kh1 Nc6 12. Nb3 Nb4 13. Be3 d5 14. e5 Ne4 15. Bxe4 dxe4 16. Qe2 Nd5 17. Bd4 Nxc3 18. Bxc3 0-0 19. f5 exf5 20. Nd4 g6 21. Rxf5 gxf5 22. Nxf5 Kh8 23. Qg4 Rg8 24. Qf4 Bg5 25. Qg3 Qc6 26. Nd6 h6 27. e6+ Kh7 28. exf7 Rg6 29. Ne8 Rxe8 30. fxe8Q Qxe8 31. Qc7+ Qe7 32. Qc4 Bf6 33. Rf1 e3 34. Bxf6 Bxg2+ 0-1

[Event "AUT-chT2W 0708"]
[Site "Austria"]
[Date "2008.03.01"]
[Round "10.4"]
[White "Maier, Peter"]
[Black "Wallis, Anton"]
[Result "1/2-1/2"]
[WhiteElo "2159"]
[BlackElo "2163"]
[PlyCount "22"]
[EventDate "2007.10.06"]
[EventType "team"]
[EventRounds "11"]
[EventCountry "AUT"]
[SourceTitle "EXT 2009"]
[Source "ChessBase"]
[SourceDate "2008.11.26"]
[SourceVersion "1"]
[SourceVersionDate "2008.11.26"]
[SourceQuality "1"]
[WhiteTeam "Lustenau"]
[BlackTeam "Goetzis"]
[WhiteTeamCountry "AUT"]
[BlackTeamCountry "AUT"]

1. d4 d5 2. c4 c6 3. Nf3 Nf6 4. Nc3 e6 5. e3 Nbd7 6. Qc2 Be7 7. g4 dxc4 8. Bxc4 Nd5 9. Bd2 a6 10. e4 Nxc3 11. Bxc3 b5 1/2-1/2

[Event "AUT-chT2W 0708"]
[Site "Austria"]
[Date "2008.01.26"]
[Round "7.4"]
[White "Wallis, Anton"]
[Black "Webersberger, Johann"]
[Result "0-1"]
[WhiteElo "2163"]
[BlackElo "2236"]
[PlyCount "60"]
[EventDate "2007.10.06"]
[EventType "team"]
[EventRounds "11"]
[EventCountry "AUT"]
[SourceTitle "EXT 2009"]
[Source "ChessBase"]
[SourceDate "2008.11.26"]
[SourceVersion "1"]
[SourceVersionDate "2008.11.26"]
[SourceQuality "1"]
[WhiteTeam "Goetzis"]
[BlackTeam "Ranshofen"]
[WhiteTeamCountry "AUT"]
[BlackTeamCountry "AUT"]

1. e4 g6 2. d4 Bg7 3. Nf3 d6 4. h3 Nf6 5. Bd3 0-0 6. 0-0 Nc6 7. c3 e5 8. Re1 Nh5 9. Bf1 h6 10. Be3 Qf6 11. Nbd2 Nf4 12. Kh2 g5 13. g3 Ng6 14. dxe5 dxe5 15. b4 Re8 16. Qc2 Bf8 17. Bg2 Be6 18. a4 a5 19. b5 Nb8 20. c4 Nd7 21. c5 b6 22. c6 Nc5 23. Nc4 g4 24. hxg4 Bxg4 25. Nfd2 h5 26. Nb3 Nxb3 27. Qxb3 h4 28. Qb2 Kg7 29. Bxb6 cxb6 30. Nxb6 Bc5 0-1

[Event "AUT-chT2W 0607"]
[Site "Austria"]
[Date "2007.03.02"]
[Round "9.6"]
[White "Wallis, Anton"]
[Black "Kroell, Johannes"]
[Result "1-0"]
[WhiteElo "2161"]
[BlackElo "2176"]
[PlyCount "93"]
[EventDate "2006.10.21"]
[EventType "team"]
[EventRounds "11"]
[EventCountry "AUT"]
[SourceTitle "EXT 2008"]
[Source "ChessBase"]
[SourceDate "2007.11.25"]
[SourceVersion "1"]
[SourceVersionDate "2007.11.25"]
[SourceQuality "1"]

1. e4 g6 2. d4 Bg7 3. Nc3 d6 4. f4 Nd7 5. Nf3 e6 6. Be2 Ne7 7. 0-0 0-0 8. a4 a6 9. Be3 b6 10. Bd3 c5 11. Qd2 Qc7 12. Qf2 c4 13. Be2 Bb7 14. Nd2 d5 15. e5 Bc6 16. Bg4 b5 17. Bh3 h5 18. g4 hxg4 19. Bxg4 Nf5 20. Bxf5 exf5 21. Nf3 Bh6 22. Qg3 b4 23. Ne2 Rfe8 24. Kf2 Qd8 25. h4 Qe7 26. Ng5 Kg7 27. Rg1 Rh8 28. Rg2 a5 29. Ng1 Bxg5 30. fxg5 Rh7 31. Ne2 Rah8 32. Rh2 Nf8 33. b3 Ne6 34. Rah1 Bb7 35. Kg1 Rh5 36. Qf3 R5h7 37. Ng3 f4 38. Bxf4 Nxd4 39. Qf2 Ne6 40. h5 Nxg5 41. e6 Nxe6 42. Be5+ f6 43. hxg6 Rxh2 44. Nf5+ Kf8 45. Rxh2 Rxh2 46. Qxh2 Qc5+ 47. Bd4 1-0

[Event "AUT-chT2W 0607"]
[Site "Austria"]
[Date "2007.01.26"]
[Round "7.5"]
[White "Wallis, Anton"]
[Black "Walkner, Karl"]
[Result "1/2-1/2"]
[WhiteElo "2161"]
[BlackElo "2035"]
[PlyCount "65"]
[EventDate "2006.10.21"]
[EventType "team"]
[EventRounds "11"]
[EventCountry "AUT"]
[SourceTitle "EXT 2008"]
[Source "ChessBase"]
[SourceDate "2007.11.25"]
[SourceVersion "1"]
[SourceVersionDate "2007.11.25"]
[SourceQuality "1"]

1. e4 e6 2. d4 d5 3. Nd2 dxe4 4. Nxe4 Nf6 5. Nxf6+ Qxf6 6. Nf3 Qd8 7. Bd3 Nd7 8. Qe2 Nf6 9. Bg5 Be7 10. 0-0-0 Nd5 11. h4 f6 12. Bd2 Qd6 13. g3 a5 14. Kb1 c6 15. Ne1 b5 16. Ng2 0-0 17. Nf4 f5 18. Rhe1 Bf6 19. Nxd5 exd5 20. Bf4 Qd8 21. Be5 Ra7 22. Qd2 Bxe5 23. Rxe5 f4 24. Rde1 Raf7 25. Qe2 Qf6 26. Qh5 g6 27. Qe2 fxg3 28. fxg3 Qf2 29. Qxf2 Rxf2 30. h5 Bf5 31. Bxf5 R8xf5 32. hxg6 hxg6 33. Re6 1/2-1/2

[Event "AUT-chT2W 0607"]
[Site "Austria"]
[Date "2006.12.03"]
[Round "5"]
[White "Eybl, Alexander"]
[Black "Wallis, Anton"]
[Result "1-0"]
[WhiteElo "2253"]
[BlackElo "2161"]
[PlyCount "82"]
[EventDate "2006.10.21"]
[EventType "team"]
[EventRounds "11"]
[EventCountry "AUT"]
[SourceTitle "CBM 115 Extra"]
[Source "ChessBase"]
[SourceDate "2007.01.10"]
[SourceVersion "1"]
[SourceVersionDate "2007.01.10"]
[SourceQuality "1"]

1. c4 c5 2. Nc3 d6 3. g3 Nf6 4. Bg2 e6 5. e3 a6 6. Nge2 Qc7 7. 0-0 Nbd7 8. b3 Rb8 9. a4 b6 10. d4 cxd4 11. exd4 Be7 12. f4 0-0 13. h3 Bb7 14. Ba3 Bxg2 15. Kxg2 Qb7+ 16. Kh2 Rfe8 17. f5 e5 18. d5 Nc5 19. Rb1 Qd7 20. g4 Nfe4 21. Bxc5 Nxc3 22. Nxc3 bxc5 23. Ne4 f6 24. h4 Rf8 25. Rc1 Rb6 26. Rc3 Kf7 27. g5 Ke8 28. Qh5+ Kd8 29. Qxh7 fxg5 30. hxg5 Rf7 31. f6 Bf8 32. Qh3 gxf6 33. Qxd7+ Kxd7 34. Rxf6 Rh7+ 35. Kg3 Be7 36. Nxc5+ Kc8 37. Rg6 Bxg5 38. Rg8+ Bd8 39. Ne6 Rd7 40. c5 dxc5 41. Rxc5+ Kb8 1-0

[Event "AUT-chT2W 0607"]
[Site "Austria"]
[Date "2006.12.01"]
[Round "3"]
[White "Froewis, Georg"]
[Black "Wallis, Anton"]
[Result "1/2-1/2"]
[WhiteElo "2112"]
[BlackElo "2161"]
[PlyCount "77"]
[EventDate "2006.10.21"]
[EventType "team"]
[EventRounds "11"]
[EventCountry "AUT"]
[SourceTitle "CBM 115 Extra"]
[Source "ChessBase"]
[SourceDate "2007.01.10"]
[SourceVersion "1"]
[SourceVersionDate "2007.01.10"]
[SourceQuality "1"]

1. e4 c5 2. Nf3 d6 3. Bb5+ Nd7 4. d4 Ngf6 5. 0-0 a6 6. Bxd7+ Nxd7 7. e5 cxd4 8. exd6 e5 9. Nxd4 Nb6 10. d7+ Qxd7 11. Re1 f6 12. Nc3 Be7 13. Qh5+ g6 14. Qh6 Kf7 15. Nf3 Qf5 16. Ne4 Bd7 17. Nh4 Qh5 18. Qxh5 gxh5 19. Ng3 Rac8 20. c3 Rc4 21. Nhf5 h4 22. Nxe7 hxg3 23. Be3 gxf2+ 24. Bxf2 Kxe7 25. Bxb6 Bc6 26. Bd4 Bd7 27. Rad1 Rg8 28. Rd2 h5 29. Bf2 Bc6 30. g3 h4 31. Rd4 Rxd4 32. cxd4 e4 33. Kg2 Ke6 34. Be3 hxg3 35. hxg3 Rc8 36. Rc1 Bd7 37. Kf2 Kd5 38. Rxc8 Bxc8 39. Ke1 1/2-1/2

[Event "AUT-chT2W 0607"]
[Site "Austria"]
[Date "2006.10.22"]
[Round "2"]
[White "Wallis, Anton"]
[Black "Ausserer, Felix"]
[Result "1-0"]
[WhiteElo "2161"]
[BlackElo "1879"]
[PlyCount "62"]
[EventDate "2006.10.21"]
[EventType "team"]
[EventRounds "11"]
[EventCountry "AUT"]
[SourceTitle "EXT 2007"]
[Source "ChessBase"]
[SourceDate "2006.11.23"]
[SourceVersion "1"]
[SourceVersionDate "2006.11.23"]
[SourceQuality "1"]

1. e4 c5 2. c3 d5 3. exd5 Qxd5 4. d4 Nc6 5. dxc5 Qxd1+ 6. Kxd1 a5 7. Bb5 Bd7 8. Be3 Nf6 9. Nf3 Ng4 10. Kc1 Nxe3 11. fxe3 a4 12. Nbd2 Ra5 13. c4 e6 14. Ne4 Nb4 15. Bxd7+ Kxd7 16. Rd1+ Kc7 17. Kd2 Bxc5 18. Nxc5 Rxc5 19. Kc3 Nc6 20. b4 axb3 21. axb3 Ne5 22. Nd4 Kb8 23. Nb5 Ng4 24. Rd2 Nxe3 25. Rda2 Rxb5 26. cxb5 Kc7 27. Kd4 Nf5+ 28. Kc5 Rd8 29. b6+ Kd7 30. Rd1+ Ke7 31. Rxd8 Kxd8 1-0

[Event "AUT-chT2W 0607"]
[Site "Austria"]
[Date "2006.10.21"]
[Round "1"]
[White "Wallis, Anton"]
[Black "Fruehauf, Norbert"]
[Result "1/2-1/2"]
[WhiteElo "2161"]
[BlackElo "2102"]
[PlyCount "58"]
[EventDate "2006.10.21"]
[EventType "team"]
[EventRounds "11"]
[EventCountry "AUT"]
[SourceTitle "EXT 2007"]
[Source "ChessBase"]
[SourceDate "2006.11.23"]
[SourceVersion "1"]
[SourceVersionDate "2006.11.23"]
[SourceQuality "1"]

1. e4 e5 2. Nf3 Nc6 3. Bb5 a6 4. Ba4 Nf6 5. 0-0 b5 6. Bb3 Be7 7. Re1 0-0 8. h3 d6 9. c3 Na5 10. Bc2 c5 11. d4 Qc7 12. Nbd2 Re8 13. Nf1 g6 14. a4 Bd7 15. axb5 axb5 16. Bg5 Nc4 17. b3 Rxa1 18. Qxa1 Nb6 19. dxe5 dxe5 20. Ne3 c4 21. bxc4 Nxc4 22. Nxc4 bxc4 23. Qa6 Be6 24. Qb5 Nd7 25. Bxe7 Rxe7 26. Ng5 f6 27. Nxe6 Rxe6 28. Ra1 Rd6 29. Rd1 Nb6 1/2-1/2

[Event "AUT-chT 0506"]
[Site "Austria"]
[Date "2006.01.12"]
[Round "4"]
[White "Reschun, Sascha"]
[Black "Wallis, Anton"]
[Result "1/2-1/2"]
[WhiteElo "2234"]
[BlackElo "2165"]
[PlyCount "58"]
[EventDate "2005.11.18"]
[EventType "team"]
[EventRounds "11"]
[EventCountry "AUT"]
[SourceTitle "EXT 2007"]
[Source "ChessBase"]
[SourceDate "2006.11.23"]
[SourceVersion "1"]
[SourceVersionDate "2006.11.23"]
[SourceQuality "1"]
[WhiteTeam "Maria Saal"]
[BlackTeam "Goetzis"]
[WhiteTeamCountry "AUT"]
[BlackTeamCountry "AUT"]

1. e4 c5 2. Nf3 d6 3. d4 cxd4 4. Nxd4 Nf6 5. Nc3 a6 6. f4 e6 7. Qf3 Qc7 8. Bd3 b5 9. a3 Bb7 10. g4 Nc6 11. Nde2 Be7 12. g5 Nd7 13. b4 Nb6 14. Be3 Rd8 15. Bxb5 d5 16. Qf2 Nc8 17. exd5 axb5 18. dxc6 Qxc6 19. Rg1 Qc4 20. Bc5 0-0 21. Bxe7 Nxe7 22. Qc5 Qxc5 23. bxc5 Rc8 24. Rb1 Rxc5 25. Rxb5 Rc7 26. Rb6 Bf3 27. Nb5 Rc5 28. Nbd4 Bxe2 29. Kxe2 Nd5 1/2-1/2

[Event "AUT-chT 0506"]
[Site "Austria"]
[Date "2005.11.20"]
[Round "3"]
[White "Wallis, Anton"]
[Black "Kleiser, Gregor"]
[Result "1/2-1/2"]
[WhiteElo "2165"]
[BlackElo "2263"]
[PlyCount "99"]
[EventDate "2005.11.18"]
[EventType "team"]
[EventRounds "11"]
[EventCountry "AUT"]
[SourceTitle "EXT 2006"]
[Source "ChessBase"]
[SourceDate "2005.11.24"]
[SourceVersion "1"]
[SourceVersionDate "2005.11.24"]
[SourceQuality "1"]
[WhiteTeam "Goetzis"]
[BlackTeam "Tschaturanga"]
[WhiteTeamCountry "AUT"]
[BlackTeamCountry "AUT"]

1. e4 c5 2. Nf3 e6 3. c3 d5 4. exd5 Qxd5 5. d4 Nf6 6. Bd3 Be7 7. 0-0 cxd4 8. cxd4 0-0 9. Nc3 Qd6 10. Be3 Bd7 11. Ne5 Bc6 12. Rc1 Rd8 13. Qe2 Nbd7 14. Nxc6 bxc6 15. Rfd1 Nb6 16. Ne4 Nxe4 17. Bxe4 Nd5 18. Qc2 f5 19. Bf3 Rac8 20. Qe2 Bf6 21. g3 Re8 22. Qa6 f4 23. gxf4 Rc7 24. Rc5 Rec8 25. f5 Nxe3 26. fxe3 Bg5 27. Qd3 exf5 28. Rxf5 Qh6 29. Kh1 g6 30. Re5 Rf8 31. Bg2 Kg7 32. Qe2 Rcf7 33. Rf1 Rxf1+ 34. Bxf1 Qh4 35. Bg2 Bd8 36. Re4 Qg5 37. Qg4 Qa5 38. Qe2 Qxa2 39. Bf3 Bf6 40. Kg2 Rb8 41. b4 Qb1 42. Qf1 Qxb4 43. Re6 c5 44. Rxf6 Kxf6 45. Bd5+ Kg7 46. Qf7+ Kh6 47. Qf4+ Kg7 48. Qf7+ Kh6 49. Qf4+ Kg7 50. Qf7+ 1/2-1/2

[Event "Liechtenstein op 23rd"]
[Site "Triesen"]
[Date "2005.05.06"]
[Round "8"]
[White "Ferster, Fabian"]
[Black "Wallis, Anton"]
[Result "1/2-1/2"]
[WhiteElo "2032"]
[BlackElo "2200"]
[PlyCount "36"]
[EventDate "2005.04.29"]
[EventType "swiss"]
[EventRounds "9"]
[EventCountry "LIE"]
[SourceTitle "CBM 106 Extra"]
[Source "ChessBase"]
[SourceDate "2005.07.01"]
[SourceVersion "1"]
[SourceVersionDate "2005.07.01"]
[SourceQuality "1"]

1. e4 c5 2. Nf3 d6 3. d4 cxd4 4. Nxd4 Nf6 5. Nc3 a6 6. Be3 e6 7. f3 Qc7 8. Qd2 Nc6 9. g4 Be7 10. 0-0-0 Nd7 11. g5 b5 12. Kb1 Nxd4 13. Qxd4 0-0 14. h4 Bb7 15. h5 Rac8 16. h6 e5 17. Qd2 g6 18. Bh3 b4 1/2-1/2

[Event "AUT-chT2W 0405"]
[Site "Austria"]
[Date "2005.03.06"]
[Round "11.5"]
[White "Waggerl, Franz"]
[Black "Wallis, Anton"]
[Result "1/2-1/2"]
[WhiteElo "2129"]
[BlackElo "2177"]
[PlyCount "82"]
[EventDate "2004.10.16"]
[EventType "team-tourn"]
[EventRounds "11"]
[EventCountry "AUT"]
[SourceTitle "EXT 2005"]
[Source "ChessBase"]
[SourceDate "2004.11.15"]
[SourceVersion "1"]
[SourceVersionDate "2004.11.15"]
[SourceQuality "1"]
[WhiteTeam "Salzburg Wuestenrot"]
[BlackTeam "Goetzis"]
[WhiteTeamCountry "AUT"]
[BlackTeamCountry "AUT"]

1. f4 Nf6 2. Nf3 g6 3. g3 b6 4. Bg2 Bb7 5. d3 d5 6. 0-0 Bg7 7. e4 dxe4 8. Ng5 0-0 9. Nc3 Na6 10. Ncxe4 Nxe4 11. Nxe4 Qd4+ 12. Kh1 Nc5 13. Qe2 Nxe4 14. dxe4 Rad8 15. h3 Rd7 16. g4 e6 17. Bf3 Rfd8 18. Rg1 Qa4 19. Qg2 Bd4 20. Re1 Bc5 21. Kh2 Qb4 22. Qf1 Qa5 23. Kg3 Bb4 24. c3 Be7 25. Be3 Qa4 26. h4 Bxe4 27. b3 Qc6 28. Bxe4 Qxe4 29. Bd4 Qb7 30. f5 exf5 31. gxf5 c5 32. fxg6 Bd6+ 33. Kh3 fxg6 34. Bf6 Rf8 35. Qc4+ Rdf7 36. Re3 b5 37. Qe6 Qd7 38. Qxd7 Rxd7 39. Re6 Bb8 40. Kg4 Rff7 41. Kg5 Bc7 1/2-1/2

[Event "AUT-chT2W 0405"]
[Site "Austria"]
[Date "2004.12.05"]
[Round "5.5"]
[White "Reiter, Franz"]
[Black "Wallis, Anton"]
[Result "1/2-1/2"]
[WhiteElo "2070"]
[BlackElo "2177"]
[PlyCount "27"]
[EventDate "2004.10.16"]
[EventType "team-tourn"]
[EventRounds "11"]
[EventCountry "AUT"]
[SourceTitle "EXT 2005"]
[Source "ChessBase"]
[SourceDate "2004.11.15"]
[SourceVersion "1"]
[SourceVersionDate "2004.11.15"]
[SourceQuality "1"]
[WhiteTeam "Innsbruck"]
[BlackTeam "Goetzis"]
[WhiteTeamCountry "AUT"]
[BlackTeamCountry "AUT"]

1. e4 c5 2. Nf3 d6 3. c4 e5 4. d3 Nc6 5. Nc3 Nf6 6. h3 Be7 7. Be2 0-0 8. 0-0 Ne8 9. Nd5 Nc7 10. Nxc7 Qxc7 11. Ne1 f5 12. f4 fxe4 13. dxe4 Nd4 14. Bg4 1/2-1/2

[Event "AUT-chT2W 0405"]
[Site "Austria"]
[Date "2004.10.17"]
[Round "2.5"]
[White "Wallis, Anton"]
[Black "Heilinger, Dietmar"]
[Result "1/2-1/2"]
[WhiteElo "2177"]
[BlackElo "2167"]
[PlyCount "29"]
[EventDate "2004.10.16"]
[EventType "team-tourn"]
[EventRounds "11"]
[EventCountry "AUT"]
[SourceTitle "EXT 2005"]
[Source "ChessBase"]
[SourceDate "2004.11.15"]
[SourceVersion "1"]
[SourceVersionDate "2004.11.15"]
[SourceQuality "1"]
[WhiteTeam "Goetzis"]
[BlackTeam "Bregenz"]
[WhiteTeamCountry "AUT"]
[BlackTeamCountry "AUT"]

1. e4 g6 2. d4 Bg7 3. Nf3 c6 4. c3 d5 5. Nbd2 Nh6 6. Bd3 0-0 7. 0-0 dxe4 8. Nxe4 Nf5 9. Re1 Nd6 10. Bg5 Re8 11. Qd2 Nxe4 12. Bxe4 Be6 13. Bh6 Bf6 14. Bd3 Qd5 15. Ne5 1/2-1/2

[Event "AUT-chT2W 0405"]
[Site "Austria"]
[Date "2004.10.16"]
[Round "1.5"]
[White "Wallis, Anton"]
[Black "Egartner, Wolfgang"]
[Result "1/2-1/2"]
[WhiteElo "2177"]
[BlackElo "2128"]
[PlyCount "97"]
[EventDate "2004.10.16"]
[EventType "team-tourn"]
[EventRounds "11"]
[EventCountry "AUT"]
[SourceTitle "EXT 2005"]
[Source "ChessBase"]
[SourceDate "2004.11.15"]
[SourceVersion "1"]
[SourceVersionDate "2004.11.15"]
[SourceQuality "1"]
[WhiteTeam "Goetzis"]
[BlackTeam "Reutte"]
[WhiteTeamCountry "AUT"]
[BlackTeamCountry "AUT"]

1. e4 c6 2. d4 d5 3. Nd2 dxe4 4. Nxe4 Nd7 5. Nf3 Ngf6 6. Bd3 Nxe4 7. Bxe4 Nf6 8. Bd3 Bg4 9. c3 Qd5 10. 0-0 Bxf3 11. Qxf3 Qxf3 12. gxf3 e6 13. Re1 g6 14. Bg5 Nh5 15. b4 Bg7 16. Re2 0-0 17. Rb1 Rac8 18. Rc2 Rfe8 19. a4 e5 20. dxe5 Bxe5 21. Be3 Rcd8 22. Bf1 a6 23. b5 axb5 24. axb5 Ra8 25. bxc6 bxc6 26. Bc4 Reb8 27. Rxb8+ Rxb8 28. Bd3 Rb3 29. Be4 Rxc3 30. Rxc3 Bxc3 31. Bxc6 Be5 32. Kg2 Kg7 33. Bb5 f5 34. Bc6 Kf6 35. Bb5 f4 36. Bb6 Kg5 37. Bc4 Bf6 38. Bg8 Be7 39. Bd4 Bf6 40. Bc5 h6 41. Bf8 Bd8 42. Bd5 Nf6 43. Bc6 h5 44. Bg7 Ng8 45. Be5 Ne7 46. Bb7 Nf5 47. Be4 Bb6 48. Kf1 Bc5 49. Kg2 1/2-1/2

[Event "AUT-ch"]
[Site "Hartberg"]
[Date "2004.07.30"]
[Round "7"]
[White "Wallis, Anton"]
[Black "Wittmann, Walter"]
[Result "1/2-1/2"]
[WhiteElo "2177"]
[BlackElo "2337"]
[PlyCount "36"]
[EventDate "2004.07.24"]
[EventType "swiss"]
[EventRounds "9"]
[EventCountry "AUT"]
[SourceTitle "CBM 101 Extra"]
[Source "ChessBase"]
[SourceDate "2004.09.01"]
[SourceVersion "2"]
[SourceVersionDate "2004.09.01"]
[SourceQuality "1"]

1. e4 e5 2. Nf3 Nc6 3. Bb5 a6 4. Ba4 b5 5. Bb3 Bc5 6. d3 Nf6 7. 0-0 d6 8. h3 h6 9. c3 0-0 10. Re1 Bb7 11. Nbd2 Re8 12. Nf1 Ne7 13. Bc2 Ng6 14. b4 Ba7 15. a4 d5 16. Bb2 Qd7 17. Ng3 Qc6 18. Bb3 dxe4 1/2-1/2

[Event "AUT-ch"]
[Site "Hartberg"]
[Date "2004.07.28"]
[Round "5"]
[White "Wallis, Anton"]
[Black "Schnider, Gert"]
[Result "1/2-1/2"]
[WhiteElo "2177"]
[BlackElo "2314"]
[PlyCount "127"]
[EventDate "2004.07.24"]
[EventType "swiss"]
[EventRounds "9"]
[EventCountry "AUT"]
[SourceTitle "CBM 101 Extra"]
[Source "ChessBase"]
[SourceDate "2004.09.01"]
[SourceVersion "2"]
[SourceVersionDate "2004.09.01"]
[SourceQuality "1"]

1. e4 c5 2. c3 d5 3. exd5 Qxd5 4. d4 Nf6 5. Nf3 e6 6. Bd3 Nc6 7. 0-0 Be7 8. Na3 cxd4 9. Nb5 Qd8 10. Nbxd4 Nxd4 11. Nxd4 0-0 12. Re1 a6 13. Bf4 Re8 14. Qe2 Qd5 15. a4 b6 16. Bc4 Qd7 17. Bb3 Bb7 18. Rad1 Bc5 19. Be5 Qe7 20. Bc2 Rad8 21. Qe3 Nd7 22. Qh3 g6 23. Bc7 Rc8 24. Bf4 Nf8 25. Qg3 Kh8 26. h4 f6 27. Nb3 e5 28. Nxc5 bxc5 29. Bc1 Rcd8 30. Qe3 Ne6 31. Qh6 Nf8 32. b3 Qf7 33. Be3 Ne6 34. Bc1 Rg8 35. Rxd8 Rxd8 36. Rd1 Rxd1+ 37. Bxd1 Qd7 38. Qd2 Qc6 39. f3 Qc7 40. Be2 Nf4 41. Bc4 Qe7 42. g3 Nh5 43. Kf2 f5 44. Qg5 Qd6 45. Qd2 Qe7 46. Qg5 Nf6 47. h5 e4 48. hxg6 exf3 49. Kf1 Qg7 50. Qxf5 hxg6 51. Qxc5 Ne4 52. Qg1 g5 53. Be3 Qh6 54. Bd4+ Kh7 55. Bd3 g4 56. Qe3 Qh1+ 57. Qg1 Qh3+ 58. Ke1 Kg8 59. Bxe4 Bxe4 60. Kd2 Qh6+ 61. Qe3 Qh2+ 62. Qf2 Qh6+ 63. Qe3 Qh2+ 64. Qf2 1/2-1/2

[Event "AUT-chT2W 0304"]
[Site "Austria"]
[Date "2003.10.18"]
[Round "1"]
[White "Eiler, Gebhard"]
[Black "Wallis, Anton"]
[Result "0-1"]
[WhiteElo "2091"]
[BlackElo "2137"]
[PlyCount "56"]
[EventDate "2003.10.18"]
[EventType "team-tourn"]
[EventRounds "11"]
[EventCountry "AUT"]
[SourceTitle "CBM 097 Extra"]
[Source "ChessBase"]
[SourceDate "2004.01.13"]
[SourceVersion "1"]
[SourceVersionDate "2004.01.13"]
[SourceQuality "1"]
[WhiteTeam "Bregenz"]
[BlackTeam "Goetzis"]
[WhiteTeamCountry "AUT"]
[BlackTeamCountry "AUT"]

1. d4 d5 2. Nf3 c6 3. e3 Bf5 4. c4 e6 5. Nc3 Bd6 6. cxd5 exd5 7. Bd2 Nd7 8. Rc1 h6 9. Na4 Qe7 10. a3 Ngf6 11. b4 0-0 12. Nc5 Rab8 13. Nh4 Bh7 14. Qf3 Nxc5 15. bxc5 Bc7 16. Nf5 Qe6 17. Ng3 b5 18. cxb6 axb6 19. Be2 c5 20. dxc5 bxc5 21. Rxc5 Rb1+ 22. Bd1 Bb6 23. Rc3 Ne4 24. Nxe4 Bxe4 25. Qe2 Bxg2 26. Rg1 Qh3 27. Rc1 Rxc1 28. Bxc1 Qxh2 0-1

[Event "Schwarzach op-A 18th"]
[Site "Salzburg"]
[Date "2003.08.29"]
[Round "7.17"]
[White "Schmidlechner, Alexander"]
[Black "Wallis, Anton"]
[Result "1/2-1/2"]
[WhiteElo "2228"]
[BlackElo "2137"]
[PlyCount "28"]
[EventDate "2003.08.23"]
[EventType "swiss"]
[EventRounds "9"]
[EventCountry "AUT"]
[SourceTitle "EXT 2004"]
[Source "ChessBase"]
[SourceDate "2003.11.25"]
[SourceVersion "1"]
[SourceVersionDate "2003.11.25"]
[SourceQuality "1"]

1. d4 d5 2. c4 c6 3. Nf3 dxc4 4. a4 e6 5. e3 b5 6. b3 Bb4+ 7. Bd2 Bxd2+ 8. Qxd2 a5 9. bxc4 b4 10. Qb2 Nf6 11. Nbd2 c5 12. Be2 Nbd7 13. 0-0 Bb7 14. Ne5 0-0 1/2-1/2

[Event "Liechtenstein op 21st"]
[Site "Vaduz"]
[Date "2003.05.26"]
[Round "4"]
[White "Wallis, Anton"]
[Black "Bezler, Rainer"]
[Result "1-0"]
[WhiteElo "2122"]
[BlackElo "2253"]
[PlyCount "55"]
[EventDate "2003.05.23"]
[EventType "swiss"]
[EventRounds "5"]
[EventCountry "LIE"]
[SourceTitle "CBM 094 Extra"]
[Source "ChessBase"]
[SourceDate "2003.07.09"]
[SourceVersion "2"]
[SourceVersionDate "2003.07.09"]
[SourceQuality "1"]

1. e4 e5 2. Nf3 Nc6 3. Bb5 a6 4. Ba4 Nf6 5. 0-0 b5 6. Bb3 Be7 7. Re1 d6 8. h3 0-0 9. c3 Nd7 10. d4 Nb6 11. Nbd2 exd4 12. cxd4 d5 13. Bc2 Be6 14. a3 Qd7 15. Nb3 Nc4 16. Qd3 g6 17. e5 Nd8 18. Nc5 Bxc5 19. dxc5 Bf5 20. Qd1 Bxc2 21. Qxc2 f6 22. exf6 Rxf6 23. b3 Na5 24. Qc3 Rxf3 25. Qxf3 Ne6 26. Bh6 Nd4 27. Qf6 Nf5 28. g4 1-0

[Event "Liechtenstein op 21st"]
[Site "Vaduz"]
[Date "2003.05.24"]
[Round "2"]
[White "Wallis, Anton"]
[Black "Sarakauskas, Gediminas"]
[Result "0-1"]
[WhiteElo "2122"]
[BlackElo "2396"]
[PlyCount "64"]
[EventDate "2003.05.23"]
[EventType "swiss"]
[EventRounds "5"]
[EventCountry "LIE"]
[SourceTitle "CBM 094 Extra"]
[Source "ChessBase"]
[SourceDate "2003.07.09"]
[SourceVersion "2"]
[SourceVersionDate "2003.07.09"]
[SourceQuality "1"]

1. e4 g6 2. d4 c6 3. Nf3 d5 4. exd5 cxd5 5. c4 Nf6 6. Nc3 Bg7 7. c5 0-0 8. Bd3 b6 9. cxb6 Qxb6 10. 0-0 Bg4 11. Na4 Qd6 12. Be3 Nc6 13. a3 Nh5 14. Bb5 Bxf3 15. gxf3 Rfc8 16. Qd2 Qf6 17. Bxc6 Rxc6 18. Kg2 Qf5 19. Nc3 Rf6 20. Qe2 e6 21. Rac1 Nf4+ 22. Bxf4 Qxf4 23. Qe3 Qh4 24. Ne2 Bh6 25. f4 Rxf4 26. Nxf4 Bxf4 27. Qc3 Qxh2+ 28. Kf3 Bxc1 29. Rxc1 Re8 30. Qc6 Rb8 31. Rc2 Qh5+ 32. Ke3 Qg5+ 0-1

[Event "AUT-chT2W 0203"]
[Site "Austria"]
[Date "2003.02.02"]
[Round "9"]
[White "Sandholzer, Robert"]
[Black "Wallis, Anton"]
[Result "0-1"]
[WhiteElo "2138"]
[BlackElo "2137"]
[PlyCount "72"]
[EventDate "2002.10.??"]
[EventType "team"]
[EventRounds "11"]
[EventCountry "AUT"]
[SourceTitle "EXT 2004"]
[Source "ChessBase"]
[SourceDate "2003.11.25"]
[SourceVersion "1"]
[SourceVersionDate "2003.11.25"]
[SourceQuality "1"]

1. e4 c5 2. c3 Nf6 3. e5 Nd5 4. d4 cxd4 5. Nf3 Nc6 6. cxd4 e6 7. a3 d6 8. Bd3 Qc7 9. 0-0 dxe5 10. dxe5 Nxe5 11. Nxe5 Qxe5 12. Bb5+ Bd7 13. Bxd7+ Kxd7 14. Qf3 Ke8 15. Qb3 Bd6 16. g3 b6 17. Nd2 Bc5 18. Nc4 Qc7 19. Rd1 h5 20. Ne3 Bxe3 21. Bxe3 h4 22. Rac1 Qb7 23. Qa4+ Kf8 24. Qe4 h3 25. Bf4 Rc8 26. Rxc8+ Qxc8 27. Rc1 Qe8 28. Be5 f6 29. Bd6+ Kf7 30. Bf4 Qd7 31. Qf3 g6 32. Bg5 Rc8 33. Rd1 Qc6 34. b4 Kg7 35. b5 Qc3 36. Rd3 Qe1# 0-1